| 000 | 00948cam a22002894a 4500 | ||
|---|---|---|---|
| 001 | 36922 | ||
| 003 | BD-RjUL | ||
| 005 | 20211209052546.0 | ||
| 008 | 140923s2002 enka b 001 0 eng | ||
| 020 | _a0851994660 (alk. paper) | ||
| 035 | _a(BD-RjUL)37024 | ||
| 040 |
_aDLC _cDLC _dDLC _dBD-RjUL _beng |
||
| 041 | _aeng | ||
| 082 | 0 | 0 |
_a632.6257 _221 _bPLA 2002 |
| 245 | 0 | 0 |
_aPlant resistance to parasitic nematodes / _cedited by J.L. Starr, R. Cook and J. Bridge. |
| 260 |
_aWallingford, Oxon, UK ; _aNew York : _bCABI Pub., _cc2002. |
||
| 300 |
_ax, 258 p. : _bill. (some col.) ; _c24 cm. |
||
| 504 | _aIncludes bibliographical references. | ||
| 650 | 0 |
_aPlants _xDisease and pest resistance. _9112733 |
|
| 650 | 0 |
_aPlant nematodes. _9112734 |
|
| 700 | 1 |
_aStarr, James L. _9112735 |
|
| 700 | 1 |
_aCook, R. _q(Roger J.) _9112736 |
|
| 700 | 1 |
_aBridge, J. _q(John) _9112737 |
|
| 942 |
_2ddc _cBK |
||
| 999 |
_c36922 _d36922 |
||